Представление документа в формате MARC21

Поле Инд. ПП Название Значение
Тип записи a
Библиографический уровень b
001 Контрольный номер RU/IS/BASE/371831269
005 Дата корректировки 20200522191502.6
008 Кодируемые данные 20111013
084 a Индекс другой классификации/Индекс ББК 67.00
100 1_ a Автор Тихомиров Ю. А.
q Полное имя Тихомиров Юрий Александрович
245 a Заглавие Последствия правовых актов: оценка и коррекция
504 a Библиография Лит., примеч: с. 148
520 a Аннотация В процессе государственного и муниципального управления, экономической деятельности принимаются правовые акты, с помощью которых решаются важные вопросы социально-экономического развития, но качество актов не обеспечивает эффективность регулирования, управления и хозяйствования. Усилия по их подготовке и принятию далеко не адекватны действиям по реализации актов и анализу их последствий. Такую гипотезу коллектив ученых Института правовых исследований и преподавателей-юристов проверяет в ходе исследования...
650 a Основная рубрика право
a Основная рубрика теория права
a Основная рубрика философия права
653 a Ключевые слова государственная власть
a Ключевые слова государственное управление
a Ключевые слова качество законотворчества
a Ключевые слова муниципальное управление
a Ключевые слова нормы права
a Ключевые слова правовое регулирование
a Ключевые слова правовой мониторинг
a Ключевые слова правовые акты
a Ключевые слова Россия
773 t Заглавие источника Вопросы государственного и муниципального управления
d Дата издания источника 2010
g Прочая информация № 3. - С. 140 - 148
w Контрольный № источника RU/IS/BASE/340201507
901 t Тип документа b